| 000 | 01383nmc a2200409 a 4500 | ||
|---|---|---|---|
| 003 | AR-BaBNM | ||
| 005 | 20251128205851.0 | ||
| 008 | 268119s1995 ||||||||||||||000 | spa|| | ||
| 020 | _a950-687-020-9 | ||
| 040 | _cAR-BaBNM | ||
| 100 | 1 | _aPelosi, Hebe Carmen | |
| 245 | 1 | 0 |
_aHistoria _bMódulo 1. La romanización de España : Módulo 2. La España visigoda y cristiana : Módulo 3. Las culturas indígenas _nCurso 1 |
| 260 |
_aBuenos Aires _bConicet _c1995 |
||
| 300 |
_a319 p. _bmapas, il., tablas |
||
| 490 | 0 | _aProciencia Conicet | |
| 504 | _aAl final de cada módulo se encuentra la bibliografía de consulta | ||
| 650 | 4 | _aMAYAS | |
| 650 | 4 | _aANTROPOLOGIA | |
| 650 | 4 | _aAZTECAS | |
| 650 | 4 | _aINCAS | |
| 650 | 4 | _aMODOS DE PRODUCCION | |
| 650 | 4 | _aABORIGENES | |
| 650 | 4 | _aPOBLACIONES ABORIGENES | |
| 650 | 4 | _aHISTORIA MEDIEVAL | |
| 650 | 4 | _aHISTORIA LATINOAMERICANA | |
| 650 | 4 | _aMEDIO SOCIAL | |
| 650 | 4 | _aACTIVIDADES DE APRENDIZAJE | |
| 650 | 4 | _aFORMACION DE DOCENTES | |
| 653 | _aEDUCACION A DISTANCIA | ||
| 700 | 1 | _aHomet, Raquel | |
| 700 | 1 | _aBasilico de Valter, Susana T. | |
| 700 | 1 |
_aMárquez, Carlos A.M. _ecoordinador |
|
| 710 |
_aConsejo Nacional de Investigaciones Científicas y Técnicas [Argentina] _9CONICET _bPrograma Prociencia |
||
| 710 | 2 |
_aArgentina _bMinisterio de Cultura y Educación |
|
| 942 | _cBK | ||
| 998 | _cMariana | ||
| 999 |
_c13078 _d13078 |
||